| 000 | 01070cam a22003257a 4500 | ||
|---|---|---|---|
| 003 | CHAP | ||
| 005 | 20220329134231.0 | ||
| 008 | 971013s1966 r 00010 d | ||
| 010 | _a17383 | ||
| 011 | _a18355 | ||
| 035 | _a22440 | ||
| 040 | _cCHAP | ||
| 082 |
_a636.20892 _bH8 |
||
| 100 | 0 | 0 |
_aHungate, Robert E. _956909 |
| 245 | 1 | 4 | _aThe rumen and its microbes |
| 260 |
_aNew York : _bAcademic Press, _c1966 |
||
| 300 |
_a533 p. _b: ilus. |
||
| 590 |
_aBATCH-UPD _b10 _c20130110 _lUCH01 _h0006 |
||
| 590 |
_aBATCH-UPD _b10 _c20130110 _lUCH01 _h2141 |
||
| 590 |
_aBATCH-UPD _b10 _c20130409 _lUCH01 _h1942 |
||
| 590 |
_aBATCH-UPD _b10 _c20130410 _lUCH01 _h1450 |
||
| 590 |
_aBATCH-UPD _b10 _c20130914 _lUCH01 _h1627 |
||
| 590 |
_aCONVERSION _b10 _c20130109 _lUCH01 _h1311 |
||
| 650 | 1 | 4 |
_aRumen _xMicrobiología. _9100838 |
| 650 | 1 | 4 |
_aRumiantes _xAnatomía y fisiología. _9100843 |
| 901 | _aBK | ||
| 942 | _cLIBRO | ||
| 949 |
_a636.20892 H8 _bBC _cLIBRO _d33724000097051 _eLIBRO _h40933 _i22440 _si |
||
| 949 |
_a636.20892 H8 _bBC _cLIBRO _d33724000097069 _eLIBRO _fc.2 _h40634 _i22440 _si |
||
| 999 |
_c17383 _d17383 |
||